Programas de Estudios de Ciencias Naturales: quinto a octavo año

Αποθηκεύτηκε σε:
Λεπτομέρειες βιβλιογραφικής εγγραφής
Μορφή: Βιβλίο
Γλώσσα:Ισπανικά
Έκδοση: Santiago Ministerio de Educación 1976
Θέματα:
Ετικέτες: Προσθήκη ετικέτας
Δεν υπάρχουν, Καταχωρήστε ετικέτα πρώτοι!

MARC

LEADER 00000nam a2200000 a 4500
001 UCY0230
003 CL-VaPUC
008 940719e19760000CL |||||||||||||||||spa|d
082 0 4 |a 372.3043  |b MIN  |2 21 
245 1 0 |a Programas de Estudios de Ciencias Naturales: quinto a octavo año 
300 |a 35 p 
942 |c BK 
945 |d 19940719 00:00:00  |a rbrito 
260 |a Santiago  |b Ministerio de Educación  |c 1976 
650 0 |a Ciencias  |9 327866 
650 0 |a Currículo  |9 307290 
583 |a last modification  |c 19940719 00:00:00  |k Rodrigo Vera 
999 |c 229281  |d 229279 
952 |0 0  |1 0  |4 0  |6 372_304300000000000_MIN_1976  |7 0  |8 P  |9 230186  |a BIBEDU  |b BIBEDU  |c BIBEDU_PB  |d 2019-11-15  |i 2992302  |o 372.3043 MIN 1976  |p 2992302  |r 2024-01-25  |w 2019-11-15  |y BK  |k EDU